<?xml version="1.0" encoding="UTF-8"?>
<record
    xmlns:xsi="http://www.w3.org/2001/XMLSchema-instance"
    xsi:schemaLocation="http://www.loc.gov/MARC21/slim http://www.loc.gov/standards/marcxml/schema/MARC21slim.xsd"
    xmlns="http://www.loc.gov/MARC21/slim">

  <leader>00855nam a2200229 a 4500</leader>
  <controlfield tag="001">10643</controlfield>
  <controlfield tag="003">BD-RjUL</controlfield>
  <controlfield tag="005">20211208235006.0</controlfield>
  <controlfield tag="008">190303s1917    ii a          001 0 eng d</controlfield>
  <datafield tag="035" ind1=" " ind2=" ">
    <subfield code="a">(BD-RjUL)10691</subfield>
  </datafield>
  <datafield tag="040" ind1=" " ind2=" ">
    <subfield code="a">EQO</subfield>
    <subfield code="c">EQO</subfield>
    <subfield code="b">eng</subfield>
    <subfield code="d">BD-RjUL</subfield>
    <subfield code="d">BD-RjUL</subfield>
  </datafield>
  <datafield tag="041" ind1=" " ind2=" ">
    <subfield code="a">eng</subfield>
  </datafield>
  <datafield tag="082" ind1=" " ind2=" ">
    <subfield code="2">23</subfield>
    <subfield code="a">324.254083</subfield>
    <subfield code="b">MAI 1917</subfield>
  </datafield>
  <datafield tag="100" ind1="1" ind2=" ">
    <subfield code="a">Mazumdar, Amvika Charan,</subfield>
    <subfield code="d">1851-1922,</subfield>
    <subfield code="9">228894</subfield>
  </datafield>
  <datafield tag="245" ind1="1" ind2="0">
    <subfield code="a">Indian national evolution :</subfield>
    <subfield code="b">a brief survey of the origin and progress of the Indian National Congress and the growth of Indian nationalism /</subfield>
    <subfield code="c">by Amvika Charan Mazumdar.</subfield>
  </datafield>
  <datafield tag="250" ind1=" " ind2=" ">
    <subfield code="a">2nd ed.</subfield>
  </datafield>
  <datafield tag="264" ind1=" " ind2="1">
    <subfield code="a">Madras :</subfield>
    <subfield code="b">G.A. Natesan &amp; Co.,</subfield>
    <subfield code="c">1917.</subfield>
  </datafield>
  <datafield tag="300" ind1=" " ind2=" ">
    <subfield code="a">8, 441, lxxiv, xvi p. :</subfield>
    <subfield code="b">ill. ;</subfield>
    <subfield code="c">19 cm</subfield>
  </datafield>
  <datafield tag="650" ind1=" " ind2=" ">
    <subfield code="a">Indian National Congress</subfield>
    <subfield code="v">History</subfield>
    <subfield code="y">1885-1914</subfield>
    <subfield code="9">228897</subfield>
  </datafield>
  <datafield tag="651" ind1=" " ind2="0">
    <subfield code="a">India</subfield>
    <subfield code="x">Politics and government</subfield>
    <subfield code="y">1857-1919.</subfield>
    <subfield code="9">228896</subfield>
  </datafield>
  <datafield tag="942" ind1=" " ind2=" ">
    <subfield code="2">ddc</subfield>
    <subfield code="c">RAR</subfield>
  </datafield>
  <datafield tag="999" ind1=" " ind2=" ">
    <subfield code="c">10643</subfield>
    <subfield code="d">10643</subfield>
  </datafield>
  <datafield tag="952" ind1=" " ind2=" ">
    <subfield code="0">0</subfield>
    <subfield code="1">0</subfield>
    <subfield code="2">ddc</subfield>
    <subfield code="4">0</subfield>
    <subfield code="7">1</subfield>
    <subfield code="8">RARE</subfield>
    <subfield code="a">RUCL</subfield>
    <subfield code="b">RUCL</subfield>
    <subfield code="c">Rare</subfield>
    <subfield code="d">2019-03-03</subfield>
    <subfield code="l">0</subfield>
    <subfield code="o">RA 324.254083 MAI 1917</subfield>
    <subfield code="r">2019-03-03 00:00:00</subfield>
    <subfield code="t">C-1</subfield>
    <subfield code="w">2019-03-03</subfield>
    <subfield code="y">RAR</subfield>
  </datafield>
</record>
